| 000 | 01809nam a2200493 i 4500 | ||
|---|---|---|---|
| 001 | 4537 | ||
| 003 | KOSZ 005 | ||
| 005 | 20200417152030.0 | ||
| 008 | 970629s1990 pl a f f |000 0 pol | ||
| 015 | _aUWD 1991/2573 | ||
| 035 | _a991002038609705066 | ||
| 035 | _a(PL-WaBN)b10568402-48omnis_nlop | ||
| 035 | _ab10568402 | ||
| 035 | _a(OCoLC)834087685 | ||
| 035 | _a(PL)b0000001056840 | ||
| 035 | _a(EXLNZ-48OMNIS_NETWORK)9910437734405606 | ||
| 040 |
_aWA N _cWA N _dKOSZ 005/AR _dKOSZ 005/HR |
||
| 041 | _apol | ||
| 044 | _apl | ||
| 080 | _a725 | ||
| 080 | _a(084.1) | ||
| 080 | _a(075.8) | ||
| 100 | 1 |
_aOstapiukowa, Janina _eAutor |
|
| 245 | 1 | 0 |
_aAlbum rysunków budowli i zakładów przemysłowych. _nCz. 2, _pHale przemysłowe : zagadnienia konstrukcyjno-budowlane : materiały pomocnicze / _cJanina Ostapiuk ; Politechnika Szczecińska. |
| 246 |
_aHale przemysłowe : _bzagadnienia konstrukcyjno-budowlane : materiały pomocnicze |
||
| 260 |
_aSzczecin : _bWydawnictwo Uczelniane Politechnki Szczecińskiej, _c1990. |
||
| 300 |
_a151 stron : _bilustracje ; _c30 cm. |
||
| 336 |
_aTekst _btxt _2rdacontent |
||
| 337 |
_aBez urządzenia pośredniczącego _bn _2rdamedia |
||
| 338 |
_aWolumin _bnc _2rdacarrier |
||
| 380 | _aKsiążki | ||
| 380 | _aPublikacje dydaktyczne | ||
| 385 |
_mPoziom nauczania _aSzkoły wyższe |
||
| 388 | _a1901-2000 | ||
| 388 | _a1989-2000 | ||
| 650 | 7 |
_aHale produkcyjne _2DBN |
|
| 650 | 7 | _aProjektowanie | |
| 655 | 7 |
_aTablice i wzory _2DBN |
|
| 658 | _aArchitektura i budownictwo | ||
| 710 |
_aWydawnictwo Uczelniane Politechniki Szczecińskiej _4pbl |
||
| 856 |
_uhttp://koha.tu.koszalin.pl/cgi-bin/koha/opac-detail.pl?biblionumber=4537 _yKatalog online BPK |
||
| 942 |
_2UKD _cKS |
||
| 999 |
_c4537 _d4537 |
||